|
|
|
|
| LEADER |
01589nam a2200397 a 4500 |
| 001 |
c000148329 |
| 003 |
CARM |
| 005 |
00000000000000.0 |
| 008 |
800128s1981 enka b 00100 eng |
| 015 |
|
|
|a GB80
|
| 019 |
1 |
|
|a 21947006
|z 1667454
|z 45095019
|5 LACONCORD2021
|
| 020 |
|
|
|a 052129844X (set : pbk.)
|
| 020 |
|
|
|a 0521298431 (v. 2 : pbk.)
|
| 020 |
|
|
|a 0521231671 (v. 2)
|
| 020 |
|
|
|a 0521298423 (v. 1 : pbk.)
|
| 020 |
|
|
|z 0521231683 (v. 1)
|
| 020 |
|
|
|a 0521231663 (v. 1)
|
| 035 |
|
|
|a (OCoLC)6015860
|5 LACONCORD2021
|
| 040 |
|
|
|d SSL
|d NNCU
|
| 043 |
|
|
|a e-uk---
|
| 050 |
0 |
0 |
|a HC254.5
|b .E27
|
| 082 |
1 |
|
|a 330.941/07
|2 19
|
| 245 |
0 |
4 |
|a The Economic history of Britain since 1700 /
|c edited by Roderick Floud and Donald McCloskey.
|
| 260 |
|
|
|a Cambridge [Eng.] ;
|a New York :
|b Cambridge University Press,
|c 1981.
|
| 300 |
|
|
|a 2 v. :
|b ill. ;
|c 23 cm.
|
| 500 |
|
|
|a Includes indexes.
|
| 504 |
|
|
|a Bibliography: v. 1, p. 276-292; v. 2, p. 417-443.
|
| 505 |
0 |
|
|a v. 1 1700-1860 -- v. 2. 1860 to the 1970s.
|
| 651 |
|
0 |
|a Great Britain
|x Economic conditions.
|
| 700 |
1 |
|
|a Floud, Roderick.
|
| 700 |
1 |
|
|a McCloskey, Donald N.
|q (Donald Nansen),
|d 1942-
|
| 852 |
8 |
|
|b CARM
|h A2:AG10B0
|i B03240
|p 0124478
|f BK
|
| 852 |
8 |
|
|b CARM
|h A2:AH13E0
|i C03459
|p 0124475
|f BK
|
| 999 |
f |
f |
|i 207c3b97-4d1e-5ca5-a38a-61f837b82cee
|s 877f8431-f2b0-5f0b-8505-bc1204d65016
|
| 952 |
f |
f |
|p Can circulate
|a CAVAL
|b CAVAL
|c CAVAL
|d CARM 1 Store
|e C03459
|f A2:AH13E0
|h Other scheme
|i book
|j v.2 held
|m 0124475
|
| 952 |
f |
f |
|p Can circulate
|a CAVAL
|b CAVAL
|c CAVAL
|d CARM 1 Store
|e B03240
|f A2:AG10B0
|h Other scheme
|i book
|j v.1 held
|m 0124478
|